000 00615nam a2200205 a 4500
001 BRCA_6232
005 20190320205359.0
008 180811s1926----enk#######---#000-0#eng-#
050 4 _aGV1282
_b.W67 1926
245 1 0 _aAuction bridge complete
_cMilton C. Work.
260 _aLondres
_bThomas de la Rue & Co.
_c[1926?]
300 _a516 p.
_c19 cm
500 _aEstado físico: Encuadernación deteriorada
500 _aI69
650 1 4 _aBridge (juego)
_xLeyes
_y1926
_zLondres
_915654
650 1 4 _aApuestas
_xJuego de cartas (Bridge)
_915655
700 1 _aWork, Milton C.
_915656
902 _aGFM
942 _2lcc
_cB
999 _c5919
_d5919